Дочь Эхнатона: Повести
| Yazar: | |
|---|---|
| Özet: | Исключено из фонда НТБ ТПУ |
| Dil: | Rusça |
| Baskı/Yayın Bilgisi: |
Москва, Детская литература, 1970
|
| Materyal Türü: | MixedMaterials Kitap |
| KOHA link: | https://koha.lib.tpu.ru/cgi-bin/koha/opac-detail.pl?biblionumber=111747 |
MARC
| LEADER | 00000nam0a2200000 4500 | ||
|---|---|---|---|
| 001 | 111747 | ||
| 005 | 20231031121006.0 | ||
| 035 | |a (RuTPU)RU\TPU\book\120698 | ||
| 090 | |a 111747 | ||
| 100 | |a 20070320d1970 d y0rusy50 ca | ||
| 101 | 0 | |a rus | |
| 102 | |a RU | ||
| 105 | |a a z 000ay | ||
| 200 | 1 | |a Дочь Эхнатона |e Повести |f К. М. Моисеева | |
| 210 | |a Москва |c Детская литература |d 1970 | ||
| 215 | |a 271 с. |c ил. | ||
| 333 | |a Исключено из фонда НТБ ТПУ | ||
| 700 | 1 | |a Моисеева |b К. М. |g Клара Моисеевна | |
| 801 | 1 | |a RU |b 63413507 |c 20070320 |g PSBO | |
| 801 | 2 | |a RU |b 63413507 |c 20220602 |g PSBO | |
| 942 | |c BK | ||